Представление документа в формате MARC21

ПолеНазваниеЗначение
  Тип записи a
  Библиографический уровень m
001 Контрольный номер RU\infra-m\znanium\bibl\2221828
005 Дата корректировки 20260429142245.6
008 Кодируемые данные 260209s2026 RU g rus u
020 Индекс ISBN __
a ISBN 978-5-91768-790-2
020 Индекс ISBN __
a ISBN 978-5-16-105436-9 (электр. издание)
020 Индекс ISBN __
a ISBN 978-5-16-012410-0 (ISBN соиздателя)
040 Источник каталогиз. __
a Служба первич. каталог. Общество с ограниченной ответственностью «ЗНАНИУМ»
041 Код языка издания __
a Код языка текста rus
044 Код страны публикации __
a Код страны публикации RU
080 Индекс УДК __
a Индекс УДК 340.6(075.9)
084 Индекс другой классификации/Индекс ББК __
2 Источник индекса rubbk
a Индекс другой классификации/Индекс ББК 67.53я77-3
084 Индекс другой классификации/Индекс ББК __
2 Источник индекса okso
a Индекс другой классификации/Индекс ББК 37.05.01
084 Индекс другой классификации/Индекс ББК __
2 Источник индекса okso
a Индекс другой классификации/Индекс ББК 40.03.01
084 Индекс другой классификации/Индекс ББК __
2 Источник индекса okso
a Индекс другой классификации/Индекс ББК 40.04.01
084 Индекс другой классификации/Индекс ББК __
2 Источник индекса okso
a Индекс другой классификации/Индекс ББК 40.05.01
084 Индекс другой классификации/Индекс ББК __
2 Источник индекса okso
a Индекс другой классификации/Индекс ББК 40.05.02
084 Индекс другой классификации/Индекс ББК __
2 Источник индекса okso
a Индекс другой классификации/Индекс ББК 40.05.03
084 Индекс другой классификации/Индекс ББК __
2 Источник индекса okso
a Индекс другой классификации/Индекс ББК 40.05.04
100 Автор __
a Автор Россинская Е.Р.
q Полное имя Россинская Елена Рафаиловна
u Дополнение Московский государственный юридический университет им. О.Е. Кутафина
245 Заглавие __
a Заглавие Судебно-экспертная деятельность: правовое, теоретическое и организационное обеспечение
b Продолж. заглавия Учебник
c Ответственность Московский государственный юридический университет им. О.Е. Кутафина
250 Сведения об издании __
a Основные сведения об издании 1
260 Выходные данные __
a Место издания Москва
b Издательство ООО "Юридическое издательство Норма"
c Дата издания 2026
300 Физическое описание __
a Объем 400 с.
520 Аннотация __
a Аннотация Учебник подготовлен авторским коллективом кафедры судебных экспертиз Московского государственного юридического университета имени О. Е. Кутафина (МГЮА) — специалистами в области теории и практики судебной экспертизы и отражает генезис современное состояние и перспективы развития судебной экспертологии с позиции компетентностного подхода к научной школе и экспертной практике судебной экспертизы. Рассматриваются история и объективные предпосылки формирования в 80—90-е гг. прошлого века теории судебных экспертиз как междисциплинарной теории обосновываются необходимость современного переосмысления концепции теории судебной экспертизы и возведение судебной экспертологии в ранг полноценной науки. Предлагаются новое определение предмета судебной экспертологии базирующееся на основных закономерностях изучаемых данной наукой а также ее четырехзвенная система включающая: общую теорию судебной экспертологии правовое обеспечение судебно-экспертной деятельности организационное обеспечение судебно-экспертной деятельности судебно-экспертные технологии. Для аспирантов и преподавателей вузов практических работников экспертных следственных судебных органов и др.
521 Примеч. о цел. назн. __
a Примеч. о целев. назн. Аспирантура
650 Тематические рубрики __
a Основная рубрика Право. Юридические науки
x Основная подрубрика Судебная экспертиза
655 Указ. предметных рубрик (устаревшее) __
a Жанр/ форма (устаревшее) Учебник
856 Электронный адрес документа 4_
a Имя сервера/домена znanium.ru
m Помощь ebs_support@infra-m.ru
n Местонахождение сервера НИЦ ИНФРА-М
u URL https://znanium.ru/catalog/document?id=477083
856 Электронный адрес документа 48
a Имя сервера/домена znanium.ru
d Путь /cover/2221
f Электронное имя 2221828.jpg
q Тип электронного формата image/jpeg
u URL https://znanium.ru/cover/2221/2221828.jpg
911 __
u 0030=https://znanium.ru/catalog/document?id=477083